The City Palace Museum, Udaipur : (Record no. 585044)

MARC details
000 -LEADER
fixed length control field 00482nam a2200193 a 4500
008 - FIXED-LENGTH DATA ELEMENTS--GENERAL INFORMATION
fixed length control field 250902s1990##################000#0#eng##
020 ## - INTERNATIONAL STANDARD BOOK NUMBER
ISBN 9780944142295
082 04 - DEWEY DECIMAL CLASSIFICATION NUMBER
Classification number 758.99544
Item number TOP
100 1# - MAIN ENTRY--AUTHOR NAME
Personal name Topsfield, Andrew,
245 10 - TITLE STATEMENT
Title The City Palace Museum, Udaipur :
260 ## - PUBLICATION, DISTRIBUTION, ETC. (IMPRINT)
Name of publisher Mapin Publishing Pvt,
Year of publication 1990.
300 ## - PHYSICAL DESCRIPTION
Number of Pages 180 pages
650 #0 - SUBJECT ADDED ENTRY--TOPICAL TERM
Topical Term Art.
942 ## - ADDED ENTRY ELEMENTS (KOHA)
Koha item type English Books
Holdings
Withdrawn status Lost status Damaged status Not for loan Home library Current library Date acquired Full call number Accession Number Price effective from Koha item type
        Anna Centenary Library Anna Centenary Library 02.09.2025 758.99544 TOP 533344 02.09.2025 English Books

Find us on the map